|
|
|
|
| LEADER |
00000cam a2200000 7i4500 |
| 001 |
0000003479 |
| 005 |
20151222.0 |
| 008 |
070718 |
| 020 |
|
|
|a 9833090737
|
| 090 |
0 |
0 |
|a JF
|b MOR MAL (4566)
|
| 245 |
1 |
0 |
|a Sang Monyet yang haloba
|
| 260 |
|
|
|a Selangor :
|b Early Learner Publications ,
|c 2005
|
| 440 |
|
|
|a Siri cerita moral belantara
|
| 500 |
|
|
|a Children ages 7-9 years old (orange)
|
| 650 |
|
0 |
|a Moral stories
|
| 999 |
|
|
|a 0000947906
|b Book
|c Children Collection
|e Cawangan Bukit Gambir
|
| 999 |
|
|
|a 0000971031
|b Book
|c Children Collection
|e Cawangan Muar
|
| 999 |
|
|
|a 0000971032
|b Book
|c Children Collection
|e Perbadanan Perpustakaan Awam Johor
|
| 999 |
|
|
|a 0000971033
|b Book
|c Children Collection
|e Perbadanan Perpustakaan Awam Johor
|
| 999 |
|
|
|a 0000971034
|b Book
|c Children Collection
|e Perbadanan Perpustakaan Awam Johor
|
| 999 |
|
|
|a 0000971035
|b Book
|c Children Collection
|e Perbadanan Perpustakaan Awam Johor
|